Caricamento...

C by example.

Dettagli Bibliografici
Autore principale: Perry, Greg
Natura: Printed Book
Lingua:English
Pubblicazione: New Delhi Prentice hall of India 2000
Soggetti:
LEADER 00500nam a22001577a 4500
003 OSt
008 100827t xxu||||| |||| 00| 0 eng d
080 |a 519.682C  |b PER 
100 |a Perry, Greg  |9 7271 
245 |a C by example.  |c Greg Perry 
260 |a New Delhi  |b Prentice hall of India  |c 2000 
300 |a xiii, 512p. 
653 |a Programming language 
942 |c BK  |6 _ 
999 |c 220261  |d 220261 
952 |0 0  |1 0  |4 0  |6 519682C_PER  |7 0  |9 284953  |a MAT  |b MAT  |d 2010-08-27  |o 519.682C PER  |p MAT05971  |r 2010-08-27  |t 1  |w 2010-08-27  |y BK